| 000 | 00587nam a22001697a 4500 | ||
|---|---|---|---|
| 003 | OSt | ||
| 005 | 20171010095518.0 | ||
| 008 | 120816t xxu||||| |||| 00| 0 eng d | ||
| 040 |
_aMMSU _cULS |
||
| 100 |
_aBarut, Alexander R. _912185 |
||
| 245 |
_aPatterns and consequences of migration in selected rural barangays of Ilocos Norte _cAlexander R, Barut |
||
| 260 | _c2004 | ||
| 300 |
_axv, 117 leaves _c28 cm. |
||
| 500 | _aThesis (Ph.D. Rural Development) -- Mariano Marcos State University-Graduate School, Laoag City | ||
| 504 | _aBibliography: leaves 99-102 | ||
| 942 |
_2ddc _cTHEDIS |
||
| 999 |
_c9754 _d9754 |
||